| 000 | 01120 a2200241 4500 | ||
|---|---|---|---|
| 003 | Nust | ||
| 005 | 20221208132213.0 | ||
| 010 | _a 2002028073 | ||
| 020 | _a0470844175 | ||
| 040 | _cNust | ||
| 082 | 0 | 0 | _a621.382,LIU |
| 100 | 1 |
_aLiu, Kevin H. _961826 |
|
| 245 | 1 | 0 |
_aIP over WDM / _cKevin H. Liu. |
| 260 |
_aNew York : _bJ. Wiley, _c2002. |
||
| 300 |
_axxiii, 389 p. : _bill. ; _c25 cm. |
||
| 505 | _aIntroduction (Page-1), Review (Page-19), Characteristic of the Internet and IP Routing (Page-57), WDM Optical Networks (Page-99), IP Over WDM (Page-155), IP/WDM Network Control (Page-175), IP/ WDM Traffic Engineering (Page-245), Other IP/ WDM Specific Issues (Page-339), Concluding Remarks (Page-353), | ||
| 650 | 0 |
_aTCP/IP (Computer network protocol) _924824 |
|
| 650 | 0 |
_aTelecommunications engineering. _958485 |
|
| 856 | 4 | 2 |
_3Book review (E-STREAMS) _uhttp://www.e-streams.com/es0701/es0701_2964.html |
| 856 | 4 | 2 |
_3Publisher description _uhttp://www.loc.gov/catdir/description/wiley036/2002028073.html |
| 856 | 4 | 2 |
_3Table of contents _uhttp://www.loc.gov/catdir/toc/wiley031/2002028073.html |
| 942 |
_2ddc _cBK |
||
| 999 |
_c182533 _d182533 |
||